| 000 -ლიდერი |
| ფიქსირებული სიგრძის საკონტროლო ველი |
01516nam a22002537a 4500 |
| 003 - საკონტროლო ნომრის იდენტიფიკატორი |
| საკონტროლო ველი |
Ge_BSU |
| 005 - ბოლო ოპერაციის თარიღი და დრო |
| საკონტროლო ველი |
20230620160226.0 |
| 008 - ფიქსირებული სიგრძის მონაცემთა ელემენტები - ზოგადი ინფორმაცია |
| ფიქსირებული სიგრძის საკონტროლო ველი |
230620s1988 ge ||||| |||| 00| 0 geo d |
| 041 ## - ენის კოდი |
| Language code of text/sound track or separate title |
geo |
| 080 ## - უნივერსალური ათობითი კლასიფიკაციის ინდექსი |
| Universal Decimal Classification number |
016:929(479.22) გ-61 |
| 245 ## - ცნობა სათაურის შესახებ |
| Title |
გიორგი ნიორაძე (1886-1951) : |
| Remainder of title |
ბიობიბლიოგრაფია / |
| Statement of responsibility, etc |
ვ. გოგილაშვილი, ე. დოლიძე ; საქ. სსრ მეცნ. აკად., ცენტრ. სამეცნ. ბიბ-კა. |
| 264 ## - წარმოების, გამოცემის, დისტრიბუციის და სხვა ცნობები |
| გამოცემის, წარმოების, დისტრიბუციის... ადგილი |
თბილისი : |
| გამოცემის, წარმოების, დისტრიბუციის... სახელწოდება |
მეცნიერება, |
| გამოცემის, წარმოების, დისტრიბუციის... თარიღი |
1988. |
| 300 ## - ფიზიკური აღწერა |
| Extent |
117 გვ. : |
| Other physical details |
1 ფ. პორტ. ; |
| Dimensions |
21 სმ. |
| 490 ## - სერიის ცნობა |
| Series statement |
ბიობიბლიოგრაფიული სერია "ქართველი მეცნიერები" |
| 500 ## - ზოგადი შენიშვნა |
| General note |
წინასიტყვ. პარალ. სათ. რუს. და ინგლ. ენებზე |
| 653 ## - INDEX TERM--UNCONTROLLED |
| Uncontrolled term |
ნიორაძე, გიორგი |
| 653 ## - INDEX TERM--UNCONTROLLED |
| Uncontrolled term |
არქეოლოგია |
| 653 ## - INDEX TERM--UNCONTROLLED |
| Uncontrolled term |
ქართველი არქეოლოგები |
| 653 ## - INDEX TERM--UNCONTROLLED |
| Uncontrolled term |
ბიობიბლიოგრაფია |
| 700 ## - ADDED ENTRY--PERSONAL NAME |
| Personal name |
გოგილაშვილი, ვ. |
| Relator term |
შემდგენელი |
| 9 (RLIN) |
1974 |
| 700 ## - ADDED ENTRY--PERSONAL NAME |
| Personal name |
დოლიძე, ე. |
| Relator term |
შემდგენელი |
| 9 (RLIN) |
1427 |
| 710 ## - ADDED ENTRY--CORPORATE NAME |
| Corporate name or jurisdiction name as entry element |
საქ. სსრ მეცნ. აკადემია |
| Subordinate unit |
ცენტრ. სამეცნ. ბიბლიოთეკა. |
| 9 (RLIN) |
18827 |
| 942 ## - ADDED ENTRY ELEMENTS (KOHA) |
| Source of classification or shelving scheme |
|
| Koha item type |
წიგნი |